00845nam a2200301Ia 4500008004000000020001800040041000800058082001700066100001600083245006800099260002900167300001200196650001100208650000800219650001100227650000800238650001200246650001300258650000800271650001100279650001000290650000800300650000800308690002500316906001100341999001900352952017200371210210b2011 xxu||||| |||| 00| 0 eng d a9780749462871 aeng a658.827 HAIB aHAIG (Matt) aBrand success: how the worlds top 100 brands thrive and survive aLondonbKogan Pagec2011 avii,296 aworlds atop athrive athe asurvive asuccess: ahow abrands aBrand aand a100 aMarketing Management a065716 c146982d146982 001040708ManagementaALbALcManagementd2021-02-17eViva Books Pvt Ltd, Bangaloreg450.00l7o658.827 HAIBp065716r2026-03-21 11:07:16s2026-03-07w2021-02-17yBK